MARC

LEADER 00000nam0a2200000 4500
001 350003
005 20231102010246.0
035 |a (RuTPU)RU\TPU\retro\3424 
035 |a RU\TPU\book\151001 
090 |a 350003 
100 |a 20181025d1953 m y0rusy50 ca 
101 0 |a rus 
102 |a RU 
105 |a a z 000zy 
200 1 |a Альбом проектов локомобльных электростанций  |e разработаны в период с 1 января 1950 по 1 января 1954 г.  |f Н. Яковлев [и др.]  |g Гипролестранс 
210 |a Ленинград  |d 1953 
215 |a 127 с.  |c черт. 
317 |5 63413507: М-133482  |a Поступила в НТБ в 1970 г. в составе книжного собрания профессора ТПИ И. Н. Бутакова 
606 1 |a Энергетика  |2 stltpush  |3 (RuTPU)RU\TPU\subj\21200  |9 46224 
610 1 |a альбомы 
610 1 |a электростанции 
610 1 |a технические показатели 
610 1 |a экономические показатели 
610 1 |a чертежи 
610 1 |a чертежно-конструкторская документация 
610 1 |a конструкции 
610 1 |a здания 
610 1 |a проектирование 
610 1 |a лесокультурное производство 
610 1 |a библиотека И. Н. Бутакова 
675 |a 620.9  |v 3 
701 1 |a Яковлев  |b Н. 
701 1 |a Плетнев  |b Л. 
701 1 |a Эйзлер  |b Л. 
701 1 |a Шибанова  |b Э. 
701 1 |a Говоров  |b А. 
701 1 |a Соколова  |b Е. 
701 1 |a Самоделова  |b Н. 
701 1 |a Друнина  |b Г. 
701 1 |a Рийман  |b Е. 
701 1 |a Соколов  |b В. 
701 1 |a Дзенискевич  |b М. 
712 0 2 |a Гипролестранс  |2 stltpush  |3 (RuTPU)RU\TPU\col\25838 
801 1 |a RU  |b 63413507  |c 20080606  |g PSBO 
801 2 |a RU  |b 63413507  |c 20190918  |g PSBO 
942 |c BK